[Event "II Miedzynarodowy Memorial Ireny Warakomskiej - Open C"]
[Site "Suwalki"]
[Date "2018-08-03"]
[Round "3.1"]
[White "Gladyszewski, Adam "]
[Black "Mecelica, Erikas "]
[Result "1/2-1/2"]
[WhiteTitle ""]
[BlackTitle ""]
[WhiteElo "1220"]
[BlackElo "1560"]

1. d4 f5 2. Nf3 Nf6 3. c4 e6 4. Nc3 Bb4 5. Bg5 c6 6. a3 Bxc3+ 7. bxc3 d5 8. cxd5
cxd5 9. Ne5 O-O 10. e3 Qa5 11. f3 Qxc3+ 12. Kf2 Nbd7 13. Qc1 Qxc1 14. Rxc1 h6
15. Nxd7 Bxd7 16. Bxf6 Rxf6 17. Rc7 Bc6 18. Bd3 Rf7 19. Rxf7 Kxf7 20. f4 g6 21.
Rb1 Ke7 22. Kf3 b6 23. h3 Bd7 24. Ba6 Bc8 25. Bb5 Bb7 26. Rc1 Rc8 27. Rxc8 Bxc8
28. h4 h5 29. g3 a6 30. Bd3 b5 31. Ke2 Kd6 32. Kd2 Kc6 33. Kc3 Kb6 34. Bc2 Bd7
35. Kb3 a5 36. Bd3 Kc6 37. Kc3 Kd6 38. Kb3 e5 39. Kc3 e4 40. Be2 Kc6 41. Bd1 Bc8
42. Bc2 Ba6 43. Bd1 Kd6 44. Bc2 1/2-1/2

[Event "II Miedzynarodowy Memorial Ireny Warakomskiej - Open C"]
[Site "Suwalki"]
[Date "2018-08-03"]
[Round "3.2"]
[White "Seredyn, Dominik "]
[Black "Tarawski, Adrian "]
[Result "1-0"]
[WhiteTitle ""]
[BlackTitle ""]
[WhiteElo "1543"]
[BlackElo "1278"]

1. e4 c5 2. Nf3 d6 3. d4 cxd4 4. Nxd4 Nf6 5. Nc3 a6 6. Be2 e6 7. Be3 Be7 8. O-O
Nbd7 9. f4 Qb6 10. Nf5 Qxb2 11. Bd4 Qa3 12. Nxg7+ Kf8 13. e5 Kxg7 14. exf6+ Bxf6
15. Bxf6+ Nxf6 16. Rf3 Qc5+ 17. Kh1 Rg8 18. Na4 Qc7 19. Qd4 Qe7 20. Nb6 Rb8 21.
Rd1 e5 22. Qxd6 Qxd6 23. Rxd6 Bg4 24. Rg3 h5 25. Bxg4 hxg4 26. fxe5 1-0

[Event "II Miedzynarodowy Memorial Ireny Warakomskiej - Open C"]
[Site "Suwalki"]
[Date "2018-08-03"]
[Round "3.3"]
[White "Podlewski, Michal"]
[Black "Ingielewicz, Konrad"]
[Result "1/2-1/2"]
[WhiteTitle ""]
[BlackTitle ""]
[WhiteElo "1371"]
[BlackElo "1539"]

1. d4 Nf6 2. Nf3 d5 3. c4 dxc4 4. e3 e6 5. Nc3 c5 6. Bxc4 a6 7. O-O cxd4 8. Qxd4
Qxd4 9. Nxd4 b5 10. Be2 Bb7 11. Bf3 Bxf3 12. Nxf3 b4 13. Ne2 Bc5 14. Bd2 Nbd7
15. Ng3 O-O 16. Rac1 Rac8 17. Rfd1 Be7 18. Rxc8 Rxc8 19. Rc1 Rxc1+ 20. Bxc1 Nc5
21. Ne1 a5 22. Kf1 Kf8 23. f3 Ke8 24. Ke2 a4 25. Nd3 Nxd3 26. Kxd3 Kd7 27. Ne2
Kc6 28. Nd4+ Kc5 29. Bd2 Bd6 30. h3 Be5 31. b3 axb3 32. Nxb3+ Kb5 33. Nd4+ 1/2-1/2

[Event "II Miedzynarodowy Memorial Ireny Warakomskiej - Open C"]
[Site "Suwalki"]
[Date "2018-08-03"]
[Round "3.4"]
[White "Kaminski, Stefan "]
[Black "Olszewski, Antoni"]
[Result "0-1"]
[WhiteTitle ""]
[BlackTitle ""]
[WhiteElo "1518"]
[BlackElo "1253"]

1. d4 d5 2. c4 e6 3. c5 Nf6 4. Bg5 Be7 5. Nc3 O-O 6. e3 Nbd7 7. Nf3 c6 8. Be2 Qc7
9. Bf4 Qd8 10. h3 b6 11. b4 bxc5 12. dxc5 Bb7 13. O-O Re8 14. Qc2 Bf8 15. Rfd1
e5 16. Bh2 a5 17. a3 Ba6 18. Bxa6 Rxa6 19. Qf5 Qc7 20. Qd3 Qb7 21. Qe2 axb4 22.
axb4 Rxa1 23. Rxa1 Qxb4 24. Rc1 Qxc5 25. Qe1 Nb6 26. Qd1 Qd6 27. Ne2 Nc4 28. Qc2
Rb8 29. Qd1 Rb2 30. g4 Qe6 31. Nc3 Bb4 32. Ne2 e4 33. Nfd4 Qd7 34. Nf5 g6 35.
Nfg3 Qa7 36. Ra1 Ra2 37. Rb1 Qa3 38. Nd4 c5 39. Nc6 Rd2 40. Qf1 Qd3 41. Qxd3 exd3
42. g5 Ne4 43. Nxe4 dxe4 44. Rc1 Na3 45. Bd6 Rb2 46. Nxb4 cxb4 47. Bxb4 Rxb4 0-1

[Event "II Miedzynarodowy Memorial Ireny Warakomskiej - Open C"]
[Site "Suwalki"]
[Date "2018-08-03"]
[Round "3.5"]
[White "Wysocka, Edyta "]
[Black "Rog, Mateusz "]
[Result "0-1"]
[WhiteTitle ""]
[BlackTitle ""]
[WhiteElo "1214"]
[BlackElo "1510"]

1. e4 c5 2. Nf3 d6 3. d4 cxd4 4. Nxd4 Nf6 5. Nc3 a6 6. Bg5 e6 7. f4 Be7 8. Qf3
h6 9. Bxf6 Bxf6 10. O-O-O Qc7 11. Rd3 Nc6 12. Nxc6 bxc6 13. a3 Rb8 14. Nd1 O-O
15. Rb3 Rxb3 16. Qxb3 Bb7 17. g4 c5 18. Qd3 Rc8 19. Rg1 c4 20. Qe3 c3 21. b3 Qa5
22. a4 Qb4 23. Nf2 Bd4 24. Qf3 Qa3+ 25. Kd1 Qa1+ 26. Ke2 a5 27. Qd3 e5 28. Kf3
Qc1 29. fxe5 dxe5 30. Kg2 Qf4 31. Qe2 Bxf2 32. Qxf2 Bxe4+ 0-1

[Event "II Miedzynarodowy Memorial Ireny Warakomskiej - Open C"]
[Site "Suwalki"]
[Date "2018-08-03"]
[Round "3.6"]
[White "Volkov, Aleksandr"]
[Black "Burak, Vyacheslav"]
[Result "0-1"]
[WhiteTitle ""]
[BlackTitle ""]
[WhiteElo "1506"]
[BlackElo "1236"]

1. e4 c5 2. f4 d5 3. e5 Nc6 4. Nf3 e6 5. Be2 Be7 6. O-O Nh6 7. d4 cxd4 8. Nxd4
Bc5 9. c3 Nf5 10. Bb5 Qb6 11. Bxc6+ bxc6 12. Qa4 Bxd4+ 13. Qxd4 Nxd4 14. Na3 Ba6
15. Rf2 Ne2+ 16. Kh1 d4 17. Bd2 Rb8 18. b3 O-O 19. h4 Ng3+ 20. Kg1 Ne4 0-1

[Event "II Miedzynarodowy Memorial Ireny Warakomskiej - Open C"]
[Site "Suwalki"]
[Date "2018-08-03"]
[Round "3.7"]
[White "Zajac, Robert"]
[Black "Czarnomski, Dominik"]
[Result "0-1"]
[WhiteTitle ""]
[BlackTitle ""]
[WhiteElo "1248"]
[BlackElo "1493"]

1. d4 f5 2. Bf4 Nf6 3. Nf3 d6 4. c4 g6 5. Nc3 Bg7 6. h3 O-O 7. e3 Nbd7 8. Bd3 Nh5
9. Bh2 e5 10. dxe5 dxe5 11. Be2 Kh8 12. Qc2 c6 13. O-O-O Qa5 14. g4 Nhf6 15. gxf5
gxf5 16. Qxf5 Nd5 17. Qc2 Nxc3 18. Qxc3 Qxa2 19. Bxe5 Nxe5 20. Nxe5 Bf5 21. f4
Rad8 22. Bd3 Bxd3 23. Rxd3 Qa1+ 24. Kc2 Qxh1 25. Rxd8 Rxd8 26. Nf7+ Kg8 27. Nh6+
Bxh6 28. Qf6 Qd1+ 0-1

[Event "II Miedzynarodowy Memorial Ireny Warakomskiej - Open C"]
[Site "Suwalki"]
[Date "2018-08-03"]
[Round "3.8"]
[White "Kaliszuk, Kamil"]
[Black "Paluch, Andrzej"]
[Result "1/2-1/2"]
[WhiteTitle ""]
[BlackTitle ""]
[WhiteElo "1479"]
[BlackElo "1404"]

1. c4 Nf6 2. Nc3 g6 3. g3 Bg7 4. Bg2 c6 5. Nf3 d6 6. O-O O-O 7. d3 e5 8. e4 a5
9. Ne1 Nbd7 10. f4 Qb6+ 11. Kh1 Re8 12. Na4 Qc7 13. Bd2 Nf8 14. Nf3 Ne6 15. Nc3
Nd4 16. fxe5 dxe5 17. Nxd4 exd4 18. Ne2 Bg4 19. Bf4 Qb6 20. h3 Be6 21. Qc2 Nd7
22. Rf2 Rad8 23. Raf1 Ne5 24. b3 Qb4 25. Bd2 Qb6 26. Nf4 Bd7 27. Ne2 f5 28. Kh2
Rf8 29. a3 Rf7 30. b4 axb4 31. axb4 Rdf8 32. Bf4 fxe4 33. Bxe4 g5 34. Bxe5 Rxf2+
35. Rxf2 Rxf2+ 36. Kg1 Rf8 37. Bd6 Rf6 38. Bc5 Qc7 39. Bxd4 1/2-1/2

[Event "II Miedzynarodowy Memorial Ireny Warakomskiej - Open C"]
[Site "Suwalki"]
[Date "2018-08-03"]
[Round "3.9"]
[White "Wydornik, Robert "]
[Black "Kieca, Aleksandra"]
[Result "0-1"]
[WhiteTitle ""]
[BlackTitle ""]
[WhiteElo "1373"]
[BlackElo "1477"]

1. e4 c5 2. Nf3 e6 3. d4 cxd4 4. Nxd4 a6 5. Nc3 b5 6. a3 Bb7 7. Bd3 Qb6 8. Be3
Bc5 9. Be2 Nc6 10. Nxc6 Bxe3 11. fxe3 dxc6 12. Qd4 Qd8 13. Qxg7 Qf6 14. Qxf6 Nxf6
15. O-O Ke7 16. Rf2 Raf8 17. Raf1 Nd7 18. Bh5 Ne5 19. b3 c5 20. Rd1 Rd8 21. Rfd2
Rxd2 22. Rxd2 Rg8 23. Kf2 b4 24. axb4 cxb4 25. Ne2 Bxe4 26. Ng3 Bb7 27. Bf3 Bc8
28. Rd4 a5 29. Rh4 Rd8 30. Ne4 Bb7 31. Rxh7 Nxf3 32. gxf3 Bxe4 33. fxe4 Rd2+ 34.
Kf3 Rxc2 35. Rh5 Ra2 36. h4 Kf6 37. Rb5 Ra3 38. h5 Rxb3 39. Rxa5 Rc3 40. Rb5 Rc4
41. Kf4 Kg7 42. Kf3 Kh6 43. Rb7 Kxh5 44. Rxf7 Kg6 45. Rb7 Kg5 46. Rb5+ Kf6 47.
Kf4 Ke7 48. Ke5 Kd7 49. Rb6 Kc7 50. Rxe6 b3 51. Re7+ Kc6 52. Re6+ Kb7 53. Kd5
Rc7 54. Rh6 b2 55. Rh1 Rc1 56. Rh7+ Kb6 57. Rh8 Ka7 58. Rh7+ Ka6 59. Rh6+ Ka5
60. Rh8 b1=Q 61. Ra8+ Kb6 62. Rb8+ Kc7 63. Rxb1 Rxb1 0-1

[Event "II Miedzynarodowy Memorial Ireny Warakomskiej - Open C"]
[Site "Suwalki"]
[Date "2018-08-03"]
[Round "3.10"]
[White "Kutylo, Konrad "]
[Black "Matczynski, Mariusz"]
[Result "1/2-1/2"]
[WhiteTitle ""]
[BlackTitle ""]
[WhiteElo "1470"]
[BlackElo "1208"]

1. d4 d5 2. c4 e6 3. Nc3 Nf6 4. Nf3 Nc6 5. e3 Be7 6. b3 O-O 7. Be2 Bb4 8. Bb2 Ne4
9. Qc2 Re8 10. O-O Nxc3 11. Bxc3 Bxc3 12. Qxc3 b6 13. cxd5 Qxd5 14. Rfc1 Bb7 15.
Ne1 e5 16. Bc4 exd4 17. Bxd5 dxc3 18. Rxc3 Na5 19. Bxb7 Nxb7 20. Rxc7 Nc5 21.
g3 Red8 22. Nf3 Rd5 23. Nd4 Kf8 24. Rc1 Ke8 25. Kg2 Rd6 26. Rc2 Rg6 27. a3 Nd3
28. Rc8+ Rxc8 29. Rxc8+ Kd7 30. Ra8 a5 31. Ra7+ Ke8 32. Rc7 Rf6 33. f4 Nc5 34.
Kf3 Kd8 35. Rc6 Rxc6 36. Nxc6+ Kd7 37. Nd4 h5 38. e4 g6 39. e5 Ke7 40. h3 Kd7
41. b4 axb4 42. axb4 Nd3 43. b5 f6 44. Ke4 Nf2+ 45. Kd5 fxe5 46. Nc6 Ke8 47. Nxe5
Nxh3 48. Nxg6 Kd7 49. Nh4 Nf2 50. Nf3 Nh1 51. f5 Nxg3 52. f6 Nf5 53. Ne5+ Ke8
54. Kc6 Nd4+ 55. Kxb6 h4 56. Kc5 h3 57. Ng4 Nxb5 1/2-1/2

[Event "II Miedzynarodowy Memorial Ireny Warakomskiej - Open C"]
[Site "Suwalki"]
[Date "2018-08-03"]
[Round "3.11"]
[White "Oglaza, Dawid"]
[Black "Tomicki, Marek "]
[Result "0-1"]
[WhiteTitle ""]
[BlackTitle ""]
[WhiteElo "1133"]
[BlackElo "1467"]

1. e4 c5 2. Nf3 d6 3. Bc4 e6 4. Nc3 Nf6 5. d3 Be7 6. O-O O-O 7. Bf4 a6 8. a3 b5
9. Ba2 Bb7 10. e5 dxe5 11. Bxe5 Nbd7 12. Bxf6 Bxf6 13. Rb1 Ne5 14. Nxe5 Bxe5 15.
Ne4 Bxe4 16. dxe4 Qh4 17. h3 Qxe4 18. Qd3 Qf4 19. g3 Qh6 20. Kg2 Rad8 21. Qe4
Qf6 22. b3 Rd2 23. Rbd1 Rxd1 24. Rxd1 Bd4 25. Qf3 Qe5 26. Bb1 Bc3 27. Qe3 Qxe3
28. fxe3 b4 29. Rd3 g6 30. Kf3 Kg7 31. g4 Rc8 32. Ba2 Rc6 33. a4 Kf6 34. Rd7 e5
35. Ke4 Re6 36. Rd1 0-1

[Event "II Miedzynarodowy Memorial Ireny Warakomskiej - Open C"]
[Site "Suwalki"]
[Date "2018-08-03"]
[Round "3.12"]
[White "Kaminski, Lukasz "]
[Black "Karut, Kacper"]
[Result "1/2-1/2"]
[WhiteTitle ""]
[BlackTitle ""]
[WhiteElo "1455"]
[BlackElo "1208"]

1. e4 c5 2. Nc3 e6 3. Nf3 a6 4. d4 cxd4 5. Nxd4 b5 6. a3 Bb7 7. Bd3 Bc5 8. Nf3
Qb6 9. O-O Nc6 10. b4 Be7 11. Bb2 Bf6 12. Rb1 Rc8 13. Ne2 Bxb2 14. Rxb2 Nf6 15.
h3 O-O 16. Re1 d6 17. Rb1 Rfd8 18. Qc1 Ne7 19. Ng3 Ng6 20. Qe3 Qxe3 21. Rxe3 Rc3
22. Rb3 Rxb3 23. cxb3 Rc8 24. Ne2 d5 25. e5 Ne4 26. Bxe4 dxe4 27. Nd2 Nxe5 28.
Nxe4 Bxe4 29. Rxe4 Ng6 30. a4 e5 31. Re3 1/2-1/2

[Event "II Miedzynarodowy Memorial Ireny Warakomskiej - Open C"]
[Site "Suwalki"]
[Date "2018-08-03"]
[Round "3.13"]
[White "Hancharevich, Heorhi "]
[Black "Czarniecki, Pawel"]
[Result "0-1"]
[WhiteTitle ""]
[BlackTitle ""]
[WhiteElo "1369"]
[BlackElo "1450"]

1. e4 c5 2. Nf3 e6 3. d4 cxd4 4. Nxd4 a6 5. Be3 Nf6 6. Nc3 Qc7 7. Qd2 b5 8. f3
Bb7 9. O-O-O Be7 10. Kb1 O-O 11. g4 b4 12. Na4 d5 13. g5 Nfd7 14. f4 dxe4 15.
h4 Bd5 16. h5 Nc6 17. Rh2 Rfb8 18. c4 Nxd4 19. Qxd4 Bc6 20. h6 e5 21. fxe5 Qxe5
22. Qxe5 Nxe5 23. Nb6 Ng4 24. Nxa8 Nxe3 25. Re1 Nxf1 26. Rxf1 Rxa8 27. hxg7 e3
28. Rg1 Kxg7 29. Re2 Be4+ 30. Kc1 Bg6 31. Rg3 Bc5 32. Rexe3 Bxe3+ 33. Rxe3 Rc8
34. b3 Rc5 35. Rg3 Bh5 36. Kb2 Kg6 37. a3 a5 38. axb4 axb4 39. Kc2 Rxg5 40. Rxg5+
Kxg5 41. c5 Bf3 42. Kd3 Bd5 43. Kd4 Bxb3 44. c6 Be6 0-1

[Event "II Miedzynarodowy Memorial Ireny Warakomskiej - Open C"]
[Site "Suwalki"]
[Date "2018-08-03"]
[Round "3.14"]
[White "Bednarski, Pawel "]
[Black "Tynski, Aleksander "]
[Result "1-0"]
[WhiteTitle ""]
[BlackTitle ""]
[WhiteElo "1167"]
[BlackElo "1448"]

1. e4 e5 2. Nf3 Nc6 3. Bc4 Bc5 4. Nc3 Nf6 5. d3 h6 6. Nd5 d6 7. h3 a6 8. O-O Be6
9. Nxf6+ Qxf6 10. Bxe6 fxe6 11. Be3 Ba7 12. c3 g5 13. Bxa7 Nxa7 14. d4 Nc6 15.
dxe5 Nxe5 16. Nxe5 Qxe5 17. Qd4 Qxd4 18. cxd4 c6 19. f4 O-O 20. fxg5 hxg5 21.
Rf2 c5 22. dxc5 dxc5 23. Rc1 Rac8 24. Rxf8+ Kxf8 25. Kf2 b5 26. Kg3 Kg7 27. h4
Kg6 28. hxg5 Kxg5 29. Kf3 c4 30. b3 a5 31. Ke3 e5 32. Kd2 Kf4 33. bxc4 bxc4 34.
Re1 Rg8 35. Re2 Rg3 36. Kc2 a4 37. Kd2 Ra3 38. Kd1 c3 39. Rc2 Kxe4 40. Ke2 Kd4
41. g4 Ke4 42. g5 Kf5 43. Kd3 Kxg5 44. Kc4 Kf4 45. Kb4 Rxa2 46. Rxa2 c2 47. Rxc2
Ke3 48. Kc3 e4 49. Ra2 Kf3 50. Kd2 Kf2 51. Rxa4 e3+ 52. Kd3 e2 53. Rf4+ Kg3 54.
Re4 Kf3 55. Rxe2 Kf4 56. Re1 Kf3 57. Rf1+ Kg2 58. Rf8 Kg3 59. Ke4 Kg2 60. Ke3
1-0

[Event "II Miedzynarodowy Memorial Ireny Warakomskiej - Open C"]
[Site "Suwalki"]
[Date "2018-08-03"]
[Round "3.15"]
[White "Pieczulis, Blazej"]
[Black "Nowak, Adam"]
[Result "1-0"]
[WhiteTitle ""]
[BlackTitle ""]
[WhiteElo "1442"]
[BlackElo "1352"]

1. d4 g6 2. Nf3 Bg7 3. c4 d6 4. Nc3 e5 5. e4 Nc6 6. d5 Nce7 7. Bd3 h6 8. O-O Nf6
9. Be3 Ng4 10. Qc1 Nxe3 11. Qxe3 O-O 12. Nd2 g5 13. Rac1 Ng6 14. f3 h5 15. c5
a6 16. cxd6 cxd6 17. Na4 Nf4 18. Rc3 b5 19. Nb6 Rb8 20. Nxc8 Rxc8 21. Rfc1 Qd7
22. Bf1 g4 23. Qb6 Bh6 24. R1c2 Nxd5 25. exd5 Rxc3 26. bxc3 Qf5 27. Rb2 gxf3 28.
Nxf3 e4 29. Ne1 Qxd5 30. Re2 Bd2 31. Qd4 Qxd4+ 32. cxd4 e3 33. Nf3 Bc1 34. Rc2
Ba3 35. Rc3 Bb4 36. Rxe3 Rc8 37. Rb3 Bc3 38. Kf2 b4 39. Bxa6 Ra8 40. Be2 Rxa2
41. Ke3 Kg7 42. g3 Kf6 43. Bc4 Rc2 44. Rb1 Ke7 45. Bb3 Rg2 46. Kd3 Rf2 47. Ke3
Rg2 48. d5 f6 49. Bc4 Rc2 50. Be2 Kf7 51. Kd3 Ra2 52. Rb3 Kg7 53. h3 Kh6 54. Ke3
Ra4 55. Bb5 Ra1 56. Kf4 Rh1 57. h4 Rc1 58. Bd3 Ra1 59. Kf5 Ra2 60. Ng1 Rg2 61.
Ne2 Be5 62. Rxb4 Bxg3 63. Nxg3 Rxg3 64. Be2 Rg2 65. Bf3 Rf2 66. Rf4 Kg7 67. Bxh5
1-0

[Event "II Miedzynarodowy Memorial Ireny Warakomskiej - Open C"]
[Site "Suwalki"]
[Date "2018-08-03"]
[Round "3.16"]
[White "Budzisz, Adrian"]
[Black "Bednarska, Julita"]
[Result "0-1"]
[WhiteTitle ""]
[BlackTitle ""]
[WhiteElo "1400"]
[BlackElo "1190"]

1. e4 e5 2. Nf3 Nc6 3. c3 Nf6 4. d4 exd4 5. e5 Ng8 6. cxd4 Bb4+ 7. Bd2 Bxd2+ 8.
Nbxd2 d5 9. Bb5 Bd7 10. Qb3 Nge7 11. O-O O-O 12. Bd3 Rb8 13. a3 a6 14. Qc2 h6
15. Nb3 f6 16. Nc5 fxe5 17. dxe5 Bf5 18. e6 Bxd3 19. Qxd3 Rf5 20. Nd7 Ra8 21.
Rfe1 Qe8 22. Rac1 Rc8 23. b4 Qh5 24. h3 Rf4 25. Nfe5 Nxe5 26. Rxe5 Qg6 27. Qxg6
Nxg6 28. Rxd5 Re4 29. Nb6 c6 30. Rd7 Rb8 31. Rc7 Rxe6 32. Nd7 Re7 33. Nxb8 Rxc7
34. a4 Ne5 35. b5 Rc8 36. Rc5 Rxb8 37. Rxe5 axb5 38. axb5 cxb5 39. Rxb5 Kf7 40.
f4 Ke7 41. Kf2 Kd6 42. Rb6+ Kc5 43. Rg6 b5 44. Rxg7 b4 45. Rc7+ Kd4 46. Rc1 b3
47. Ke2 b2 48. Rb1 Kc3 49. Kf3 Kc2 50. Rxb2+ Rxb2 51. Kg4 Kd3 52. g3 Ke4 53. Kh5
Rb5+ 54. Kg4 h5+ 55. Kh4 Rc5 56. g4 hxg4 57. hxg4 Kxf4 0-1

[Event "II Miedzynarodowy Memorial Ireny Warakomskiej - Open C"]
[Site "Suwalki"]
[Date "2018-08-03"]
[Round "3.18"]
[White "Kopaczewski, Zbigniew"]
[Black "Gres, Rafal"]
[Result "0-1"]
[WhiteTitle ""]
[BlackTitle ""]
[WhiteElo "1391"]
[BlackElo "1149"]

1. e3 e5 2. a3 d5 3. d4 e4 4. c4 c6 5. Nc3 Nf6 6. Qa4 Nbd7 7. c5 Be7 8. Be2 O-O
9. f3 exf3 10. Nxf3 Re8 11. Bd3 Ng4 12. O-O h5 13. e4 Ndf6 14. Ng5 Nxh2 15. Nxf7
Kxf7 16. Kxh2 Kg8 17. e5 Ng4+ 18. Kg1 Bxc5 19. dxc5 Qh4 20. Bf4 g5 21. Be2 gxf4
22. Bxg4 Bxg4 23. Qxf4 Rf8 24. Qh6 Qe7 25. Qd6 Qg7 26. Rxf8+ Rxf8 27. Rf1 Re8
28. Rf6 Qe7 29. Rg6+ Kf8 30. Rf6+ Kg7 31. Rg6+ Kf7 32. Rf6+ Kg7 33. Rg6+ Kf7 34.
Qf6+ Qxf6 35. Rxf6+ Kg7 36. Kf2 Rxe5 37. Rf4 b6 38. cxb6 axb6 39. Rd4 Kf6 40.
Rd2 Ke6 41. Na4 b5 42. Nc5+ Kd6 43. Rc2 d4 44. b4 Re3 45. Nb7+ Kc7 46. Na5 Bd7
47. Rd2 Rxa3 48. Rxd4 Bg4 49. Re4 Ra2+ 50. Kg3 Kb6 51. Re7 c5 52. bxc5+ Kxc5 53.
Nb7+ Kb4 54. Re5 Re2 55. Rd5 Kc4 56. Rc5+ Kb4 57. Rd5 Re3+ 58. Kf4 Re2 59. Kg3
Kc4 60. Rc5+ Kb4 61. Rd5 Ka4 62. Nc5+ Ka3 63. Rd3+ Ka2 64. Rb3 Rb2 65. Re3 b4
66. Nd3 Rb1 67. Ne5 Bd1 68. Kf2 b3 69. Nc4 Bc2 70. Ke2 Rg1 71. Rg3 b2 72. Ra3+
Kb1 73. Kf2 Rh1 74. g3 Kc1 75. Nxb2 Kxb2 76. Ra5 Bd1 77. Rc5 Bg4 78. Ke3 Rf1 79.
Kd2 Rf2+ 80. Ke1 Rf3 81. Rc4 Rxg3 82. Kf2 Rf3+ 83. Kg2 Kb3 84. Rc5 Rc3 85. Re5
Kc4 86. Re4+ Kd5 87. Re8 Kd4 88. Re7 Re3 89. Rf7 Ke4 90. Rf8 Rd3 91. Rf7 Rd5 92.
Kg3 Rf5 93. Re7+ Kd5 94. Re8 Rf3+ 95. Kh4 Rf5 96. Kg3 Re5 97. Rf8 Ke4 98. Rf4+
Ke3 99. Rf1 Ke2 100. Rf2+ Ke1 101. Rf4 Re3+ 102. Kg2 Re2+ 103. Kg3 Ra2 104. Rf8
Ra3+ 105. Kg2 h4 106. Re8+ Be2 107. Rf8 Rg3+ 108. Kh2 Bf1 109. Re8+ Kf2 110. Rf8+
Rf3 0-1

[Event "II Miedzynarodowy Memorial Ireny Warakomskiej - Open C"]
[Site "Suwalki"]
[Date "2018-08-03"]
[Round "3.19"]
[White "Zajac, Szymon"]
[Black "Ostrowski, Dymitr"]
[Result "0-1"]
[WhiteTitle ""]
[BlackTitle ""]
[WhiteElo "1346"]
[BlackElo "1379"]

1. d4 d6 2. Nf3 Nf6 3. Bg5 Nbd7 4. e3 g6 5. Be2 Bg7 6. Nbd2 O-O 7. O-O b6 8. c4
c5 9. d5 h6 10. Bh4 Nh7 11. Qc2 Ndf6 12. Rab1 Bd7 13. e4 Qc7 14. Bg3 Nh5 15. Bd3
Nxg3 16. fxg3 a6 17. a4 Rab8 18. Kh1 b5 19. axb5 axb5 20. cxb5 Bxb5 21. Bxb5 Rxb5
22. b4 Rfb8 23. bxc5 Rxb1 24. Rxb1 Rxb1+ 25. Qxb1 Qxc5 26. Qg1 Qc7 27. Qf1 Nf6
28. h3 Qc2 29. Qe1 Nd7 30. Qb1 Qxb1+ 31. Nxb1 Nc5 32. Nbd2 Bc3 33. g4 Kg7 34.
Kg1 Kf6 35. Kf2 Bxd2 36. Nxd2 Ke5 37. Ke3 Kf6 38. h4 Nd7 39. Nf3 g5 40. g3 Ne5
41. Nxe5 Kxe5 42. h5 e6 43. dxe6 fxe6 44. Kd3 d5 45. exd5 exd5 46. Ke3 d4+ 47.
Kd3 Kd5 48. Kd2 Ke4 49. Ke2 d3+ 50. Kd2 Kf3 51. Kxd3 Kxg3 52. Ke3 Kxg4 53. Kf2
Kxh5 54. Kg3 g4 55. Kh2 Kg5 56. Kg3 h5 57. Kg2 Kf4 58. Kf2 h4 59. Kg2 h3+ 60.
Kf2 g3+ 0-1

[Event "II Miedzynarodowy Memorial Ireny Warakomskiej - Open C"]
[Site "Suwalki"]
[Date "2018-08-03"]
[Round "3.21"]
[White "Ulanowski, Marek "]
[Black "Bekier, Piotr"]
[Result "0-1"]
[WhiteTitle ""]
[BlackTitle ""]
[WhiteElo "1356"]
[BlackElo "1132"]

1. e4 e6 2. Nf3 d5 3. e5 c5 4. d4 Qb6 5. c3 Nc6 6. Qd3 a6 7. b3 Bd7 8. Be2 cxd4
9. cxd4 Rc8 10. O-O Nb4 11. Qd2 Nc2 12. Nc3 Nxa1 13. Qb2 Bb4 14. Bd2 Qa5 15. Rc1
Ba3 16. Nb1 Rxc1+ 17. Qxc1 Bxc1 18. Bxa5 Bb5 19. Bd1 Bb2 20. a4 Bd3 21. Nbd2 Ne7
22. Ne1 Bg6 23. Ndf3 Nc6 24. Bb6 Kd7 25. h4 Rc8 26. Bc5 Nxd4 27. Nxd4 Bxd4 28.
Bxd4 Rc1 0-1

[Event "II Miedzynarodowy Memorial Ireny Warakomskiej - Open C"]
[Site "Suwalki"]
[Date "2018-08-03"]
[Round "3.22"]
[White "Fronczyk, Wiktor "]
[Black "Trochimczuk, Szymon"]
[Result "1/2-1/2"]
[WhiteTitle ""]
[BlackTitle ""]
[WhiteElo "1279"]
[BlackElo "1330"]

1. e4 c5 2. Nf3 Nc6 3. d4 cxd4 4. Nxd4 e5 5. Nb3 Nf6 6. Bd3 d5 7. exd5 Nxd5 8.
O-O Be7 9. Be4 Be6 10. Be3 O-O 11. Bxd5 Qxd5 12. Nc5 Qxd1 13. Rxd1 Bxc5 14. Bxc5
Rfd8 15. Rxd8+ Rxd8 16. Na3 b6 17. Be3 f5 18. f4 e4 19. Kf2 Kf7 20. Ke2 Ke7 21.
b3 Nd4+ 22. Bxd4 Rxd4 23. Rd1 Rxd1 24. Kxd1 a6 25. c4 Kd6 26. Ke2 h6 27. h4 Kc5
28. Nc2 Kd6 29. Nd4 g6 30. Ke3 Bd7 31. g3 a5 32. a4 Bc6 33. Kd2 1/2-1/2

[Event "II Miedzynarodowy Memorial Ireny Warakomskiej - Open C"]
[Site "Suwalki"]
[Date "2018-08-03"]
[Round "3.23"]
[White "Ulanowska, Dorota"]
[Black "Kruszynski, Jacek"]
[Result "0-1"]
[WhiteTitle ""]
[BlackTitle ""]
[WhiteElo "1299"]
[BlackElo "1145"]

1. e4 c5 2. Nf3 d6 3. h3 Nf6 4. Nc3 Nc6 5. Bc4 e6 6. d3 a6 7. a3 Be7 8. Bg5 Bd7
9. O-O h6 10. Bh4 Qc7 11. Qd2 O-O 12. Qf4 g5 13. Bxg5 hxg5 14. Qxg5+ Kh8 15. Qh4+
Nh7 16. Qh5 Qd8 17. Ne2 Bf6 18. c3 Qe7 19. g4 Rg8 20. h4 Ne5 21. Nxe5 dxe5 22.
g5 Bxg5 23. hxg5 Rxg5+ 24. Qxg5 Qxg5+ 25. Ng3 Rg8 26. Kg2 b5 27. Bb3 Qd2 28. Rab1
Kg7 29. Rfd1 Qg5 30. d4 exd4 31. cxd4 c4 32. Bc2 Bc6 33. Kh2 Qh4+ 34. Kg1 Kf8
35. d5 exd5 36. exd5 Bd7 37. Be4 Nf6 38. Bg2 Rg4 39. Rd2 Rd4 40. Rbd1 Rxd2 41.
Rxd2 Bh3 42. Bh1 Qf4 43. Re2 Bg4 44. Re3 Qd4 45. Ne4 Nxd5 46. Rg3 Be6 47. Nc3
Nf4 48. Bb7 Qb6 49. Be4 b4 50. Nb1 Ne2+ 0-1

[Event "II Miedzynarodowy Memorial Ireny Warakomskiej - Open C"]
[Site "Suwalki"]
[Date "2018-08-03"]
[Round "3.25"]
[White "Gladyszewska, Kinga"]
[Black "Rzecki, Andrzej"]
[Result "1-0"]
[WhiteTitle ""]
[BlackTitle ""]
[WhiteElo "1080"]
[BlackElo "1217"]

1. e4 e5 2. Nf3 Nc6 3. Bc4 Nf6 4. Ng5 d5 5. exd5 Na5 6. Bb3 Nxb3 7. axb3 Qxd5 8.
O-O e4 9. d3 Be7 10. Nc3 Qd8 11. Ngxe4 O-O 12. h3 Kh8 13. Qf3 c6 14. Bg5 a6 15.
Nxf6 gxf6 16. Bh4 Rg8 17. Kh1 f5 18. Bg3 Be6 19. Nd1 Qd7 20. Ne3 Rg6 21. Nc4 f6
22. Nb6 Qe8 23. Nxa8 Qxa8 24. Qf4 Rg8 25. Rfe1 Qc8 26. c4 Bc5 27. d4 Ba7 28. Qd6
f4 29. Qxf4 Rg6 30. Qc7 Qg8 31. c5 Bd5 32. Qe7 Bf7 33. Qxb7 Bd5 34. Qe7 Bb8 35.
Qe8 Bxg3 36. Qxg8+ Rxg8 37. fxg3 Rxg3 38. Re2 Rxh3+ 39. Kg1 Rxb3 40. Rd2 Kg7 41.
Rxa6 Kg6 42. Ra3 Rb7 43. Rg3+ Kf7 44. Re2 Rb4 45. Rd3 Rb7 1-0

[Event "II Miedzynarodowy Memorial Ireny Warakomskiej - Open C"]
[Site "Suwalki"]
[Date "2018-08-03"]
[Round "3.27"]
[White "Galaszewski, Karol "]
[Black "Wiech, Andrzej "]
[Result "1-0"]
[WhiteTitle ""]
[BlackTitle ""]
[WhiteElo "1152"]
[BlackElo "1064"]

1. e4 e6 2. d4 b6 3. Be3 Bb7 4. f3 Ne7 5. Bd3 h6 6. Ne2 Ng6 7. Nd2 Be7 8. c3 Bg5
9. Bxg5 Qxg5 10. Rg1 Nf4 11. Nxf4 Qxf4 12. Qe2 Qxh2 13. O-O-O Qd6 14. e5 Qe7 15.
Kb1 f6 16. f4 fxe5 17. Qh5+ Kd8 18. fxe5 Nc6 19. Rgf1 d6 20. exd6 cxd6 21. Rf7
Qg5 22. Qxg5+ hxg5 23. Rxb7 g6 24. Rg7 Ne7 25. Ne4 Rf8 26. Nxg5 Rf6 1-0

[Event "II Miedzynarodowy Memorial Ireny Warakomskiej - Open C"]
[Site "Suwalki"]
[Date "2018-08-03"]
[Round "3.30"]
[White "Palacz, Karolina "]
[Black "Czarniecka, Anna "]
[Result "1-0"]
[WhiteTitle ""]
[BlackTitle ""]
[WhiteElo "1055"]
[BlackElo "1090"]

1. e4 c5 2. c3 a6 3. d4 cxd4 4. cxd4 e6 5. Nf3 b5 6. a3 Bb7 7. Bd3 Qc7 8. O-O d6
9. Re1 Nd7 10. Nbd2 Ngf6 11. h3 Be7 12. Nf1 O-O 13. Ng3 h6 14. b4 Rac8 15. Bb2
Rfe8 16. Nd2 Nf8 17. e5 Nd5 18. Nh5 Ng6 19. Qg4 Bg5 20. Red1 Qc6 21. Rac1 Qd7
22. Rxc8 Rxc8 23. Ne4 Ndf4 24. Bb1 Bxe4 25. Bxe4 Nxh5 26. Qxh5 Nf4 27. Qg4 Qe7
28. d5 Rc4 29. Bb1 Nxd5 30. exd6 Qxd6 31. Qf3 Rf4 32. Qd3 g6 33. Qc2 Qb6 34. Qe2
Bh4 35. Rf1 Nf6 36. Bc1 Rc4 37. Bxh6 Nh5 38. Kh2 Qd6+ 39. Kh1 Qb6 40. Be3 Qc7
41. Ba2 Rc2 42. Qg4 Bf6 43. Bb1 Rc4 44. Qf3 Nf4 45. Qa8+ Bd8 46. Ba2 Rc6 47. Bxf4
Qd7 48. Bb3 Rc3 49. Rd1 Qe7 50. Rxd8+ Kh7 51. Rh8+ Kg7 52. Be5+ f6 53. Qg8# 1-0